Management science in fisheries: an introduction to simulation-based methods
Сохранить в:
| Главные авторы: | , |
|---|---|
| Формат: | |
| Язык: | английский |
| Опубликовано: |
Londres
Routledge
2016
|
| Редактирование: | 1a. ed |
| Серии: | Eartscan for Routledge
|
| Предметы: | |
| Метки: |
Добавить метку
Нет меток, Требуется 1-ая метка записи!
|
MARC
| LEADER | 00000cam a2200000 a 4500 | ||
|---|---|---|---|
| 001 | UCC2415 | ||
| 003 | CL-VaPUC | ||
| 008 | 180119e20160000uk |||||||||||||||||eng|d | ||
| 020 | |a 9781138806801 | ||
| 082 | 0 | 4 | |a 639.2068 |b EDW |2 21 |
| 100 | 0 | |a Edwards, Charles T.T |e author |9 596517 | |
| 700 | 0 | |a Dankel, Dorothy J |e author |9 596518 | |
| 245 | 1 | 0 | |a Management science in fisheries: an introduction to simulation-based methods |
| 250 | |a 1a. ed | ||
| 300 | |a 460 p | ||
| 942 | |c BK | ||
| 945 | |d 20180119 15:30:00 |a arojas | ||
| 260 | |a Londres |b Routledge |c 2016 | ||
| 650 | 0 | |a Industria pesquera |9 255432 | |
| 650 | 7 | |a PESQUERIAS |2 CL-VaPUC |9 596519 | |
| 583 | |a last modification |c 20180119 15:30:00 |k Rodrigo Vera | ||
| 490 | 0 | |a Eartscan for Routledge | |
| 999 | |c 370563 |d 370561 | ||
| 952 | |0 0 |1 0 |3 erd |4 0 |6 639_206800000000000_EDW_2016 |7 0 |8 CCM |9 487095 |a BIBCUR |b BIBCUR |i 5451612 |o 639.2068 EDW 2016 |p 5451612 |r 2025-04-22 |w 2019-11-24 |y BK |z Catalogado en:20180119 |k CIM | ||